000 00421nam a2200181Ia 4500
001 16663
005 20260306170326.0
008 260306t2015||||xx |||||||||||||| ||und||
041 _aESP
082 _a349.1
_bD59 T. 2
100 _aLara Molina, Berenice
_eAUT
245 0 _aDerecho romano II
260 _c2015
300 _a195 páginas :
_c25 cm.
650 _aGEN
654 _aCDE
942 _cLIB
_dJUS
_fJUS
_2ddc
_n
999 _c16663
_d16663